You are not alone (Record no. 4649)

MARC details
000 -CABECERA
campo de control de longitud fija 03603cam a2200301 i 4500
001 - NÚMERO DE CONTROL
campo de control 22470590
005 - FECHA Y HORA DE LA ÚLTIMA TRANSACCIÓN
campo de control 20250509092039.0
008 - DATOS DE LONGITUD FIJA--INFORMACIÓN GENERAL
campo de control de longitud fija 220317t20222022nyu b 001 0 eng d
010 ## - NÚMERO DE CONTROL DE LA BIBLIOTECA DEL CONGRESO
Número de control de LC 2022935062
020 ## - NÚMERO INTERNACIONAL ESTÁNDAR DEL LIBRO
Número Internacional Estándar del Libro 9781638930006
Información calificativa (hardcover)
035 ## - NÚMERO DE CONTROL DEL SISTEMA
Número de control de sistema (OCoLC)on1343052177
040 ## - FUENTE DE LA CATALOGACIÓN
Centro catalogador/agencia de origen PLF
Lengua de catalogación eng
Normas de descripción rda
Centro/agencia transcriptor PLF
Centro/agencia modificador PLF
-- OJ4
-- IBI
-- IGP
-- GO3
-- IEP
-- ZJI
-- IMT
-- MNE
-- UAP
-- OCLCF
-- KUA
-- AHH
-- MYA
-- DLC
042 ## - CÓDIGO DE AUTENTICACIÓN
Código de autenticación lccopycat
050 00 - SIGNATURA TOPOGRÁFICA DE LA BIBLIOTECA DEL CONGRESO
Número de clasificación RA790
Número de documento/Ítem .D73 2022
100 ## - ENTRADA PRINCIPAL--NOMBRE DE PERSONA
Nombre de persona Duckworth, Ken,
Término indicativo de función/relación author.
9 (RLIN) 25179
245 10 - MENCIÓN DE TÍTULO
Título You are not alone
Resto del título : the NAMI guide to navigating mental health with advice from experts and wisdom from real people and families
Mención de responsabilidad, etc. / Ken Duckworth, MD.
250 ## - MENCIÓN DE EDICIÓN
Mención de edición First edition.
264 #1 - PRODUCCIÓN, PUBLICACIÓN, DISTRIBUCIÓN, FABRICACIÓN Y COPYRIGHT
Producción, publicación, distribución, fabricación y copyright New York :
Nombre del de productor, editor, distribuidor, fabricante Zando,
Fecha de producción, publicación, distribución, fabricación o copyright 2022.
264 #4 - PRODUCCIÓN, PUBLICACIÓN, DISTRIBUCIÓN, FABRICACIÓN Y COPYRIGHT
Fecha de producción, publicación, distribución, fabricación o copyright ©2022
300 ## - DESCRIPCIÓN FÍSICA
Extensión xxii, 409 pages ;
Dimensiones 24 cm
504 ## - NOTA DE BIBLIOGRAFÍA, ETC.
Nota de bibliografía, etc. Includes bibliographical references (pages 389-400) and index.
505 ## - NOTA DE CONTENIDO CON FORMATO
Título Part I: Mental health and mental health conditions. Do I need help? — The paradox of diagnosis — How do I find help? Minding the many gaps — Pathways to recovery: first steps — Added complexity: co-occurring substance use conditions — The impact of trauma — Helping your child, teen, or young adult — Part II: The recovery journey: evidence from lived experience. Themes of recovery: lessons from first-person experience — The power of peers and community — Culture and identity: barriers and opportunities — Becoming an advocate — Part III: Family matters. Family connection and communication — Navigating the legal system — The hardest family questions — Making meaning of loss by suicide — Family advocacy — IV. Best practices. Experts answer the most frequently asked questions — State-of-the-art care and research for specific conditions.
520 ## - SUMARIO, ETC.
Sumario, etc. "Written with authority and compassion, this is the essential resource for individuals and families seeking expert guidance on diagnosis, treatment, and recovery, featuring inspiring, true stories from real people in their own words. Millions of people in the United States are affected by mental illness every year, and the Covid-19 pandemic only further exposed the shortcomings of the American mental health system. Too many are confused, afraid, and overwhelmed, with many asking themselves the same questions: What does it mean when different doctors give me different diagnoses? What if my insurance won't cover my treatment? Will I ever feel better? Families and friends are often left in the dark about how best to help their loved ones, from dealing with financial and logistical issues, to handling the emotional challenges of loving someone who is suffering. You Are Not Alone is here to offer help. Written by Dr. Ken Duckworth with the wisdom of a psychiatrist and the vulnerability of a peer, this comprehensive guide centers the poignant lived experiences of over 125 individuals from across the country whose first-person stories illustrate the diversity of mental health journeys. This book also provides. Practical guidance on dealing with a vast array of mental health conditions and navigating care. Research-based evidence on what treatments and approaches work. Insight and advice from renowned clinical experts and practitioners. This singular resource--the first book from the National Alliance on Mental Illness, and with all sales proceeds going back to the NAMI community--is a powerful reminder that help is here, and you are never alone."
Fuente proveedora Amazon.com.
650 #0 - PUNTO DE ACCESO ADICIONAL DE MATERIA--TÉRMINO DE MATERIA
Término de materia o nombre geográfico como elemento de entrada Psychology, Pathological
9 (RLIN) 24582
650 #0 - PUNTO DE ACCESO ADICIONAL DE MATERIA--TÉRMINO DE MATERIA
Término de materia o nombre geográfico como elemento de entrada Mental health
9 (RLIN) 12874
650 #0 - PUNTO DE ACCESO ADICIONAL DE MATERIA--TÉRMINO DE MATERIA
Término de materia o nombre geográfico como elemento de entrada Mental illness
9 (RLIN) 25181
942 ## - ELEMENTOS DE ENTRADA AGREGADA (KOHA)
Fuente del sistema de clasificación o colocación Clasificación de Library of Congress
Holdings
Estado de retiro Estado de pérdida Fuente del sistema de clasificación o colocación Estado dañado No para préstamo Biblioteca de origen Biblioteca actual Fecha de adquisición Total de préstamos Signatura topográfica completa Código de barras Fecha visto por última vez Número de copia Precio válido a partir de Tipo de ítem Koha
    Clasificación de Library of Congress     TBS Barcelona TBS Barcelona 13/05/2025   RA790 DUC B05757 13/05/2025 1 13/05/2025 Book

Powered by Koha